| 000 | 00350nam a22001337a 4500 | ||
|---|---|---|---|
| 082 |
_a358.295491 _bHIS _cL-30, P-180 |
||
| 100 |
_aGovt of Pakistan _911105 |
||
| 245 | _aHistory of MES of Pakistan | ||
| 260 |
_aPakistan _bMES _c1991 |
||
| 300 |
_ax, 251 p. _bill |
||
| 526 |
_a0 _b0 _c0 _d358_295491000000000_HIS |
||
| 650 |
_aMCE _9379 |
||
| 942 |
_2ddc _cBK |
||
| 999 |
_c551768 _d551768 |
||